Kazoku /
Saved in:
| Main Author: | |
|---|---|
| Format: | Book |
| Language: | Japanese |
| Published: |
Tōkyō :
Iwanami Shoten,
1953.
|
| Series: | Iwanami zensho ;
184 |
| Subjects: | |
| Tags: |
Add Tag
No Tags, Be the first to tag this record!
|
| LEADER | 00586cam a2200205Ii 4500 | ||
|---|---|---|---|
| 001 | 007724106-1 | ||
| 005 | 20020606104010.5 | ||
| 008 | 800519s1953 ja 001 0 jpn d | ||
| 035 | 0 | |a ocm06333674 | |
| 040 | |a OSU |c OSU |d CUS |d YNH | ||
| 090 | |a HQ728 |b .S43 1953a | ||
| 100 | 1 | |a Shimizu, Morimitsu, |d 1904- | |
| 245 | 1 | 0 | |a Kazoku / |c Shimizu Morimitsu cho. |
| 260 | |a Tōkyō : |b Iwanami Shoten, |c 1953. | ||
| 300 | |a vii, 322, 12 p. ; |c 18 cm. | ||
| 490 | 0 | |a Iwanami zensho ; |v 184 | |
| 504 | |a Includes bibliographical references and index. | ||
| 650 | 0 | |a Families. | |
| 988 | |a 20020608 | ||
| 906 | |0 OCLC | ||


